Niekoľko úvah k princípom a zásadám konania pred Ústavným súdom Slovenskej republiky

Salvato in:
Dettagli Bibliografici
Autore principale: Magurová, Hana, 1986-
Natura: Capitolo di libro
Lingua:slovacco
Tags: Aggiungi Tag
Nessun Tag, puoi essere il primo ad aggiungerne!!

MARC

LEADER 00000naa$a2200000$$$4500
001 0231368
005 20240502083621.1
041 0 |a slo 
044 |a CZ 
245 1 0 |a Niekoľko úvah k princípom a zásadám konania pred Ústavným súdom Slovenskej republiky  |c Hana Magurová 
100 1 |a Magurová, Hana, 1986-